| 000 | 01623cam a22004814i 4500 | ||
|---|---|---|---|
| 003 | PE-LiUPU | ||
| 005 | 20250731173411.0 | ||
| 008 | 150706s2011 flu rb 000 0 spa d | ||
| 020 | _a9780829753912 | ||
| 035 | _a(Sirsi) i9780829753912 | ||
| 040 |
_aPE-LiUPU _bspa _cPE-LiUPU _erda |
||
| 049 | _aPRUA | ||
| 082 | 0 | 4 |
_a225.077 _bB64 _221 |
| 100 | 1 |
_aBock, Darrel L., _eautor. |
|
| 245 | 1 | 0 |
_aComentarios bíblicos con aplicación : _bLucas / _cDarrel L. Bock. |
| 264 | 1 |
_aFlorida : _bEditorial Vida, _c2011. |
|
| 300 |
_a574 páginas ; _c24 centímetros. |
||
| 336 |
_atext _2rdacontent |
||
| 337 |
_aunmediated _2rdamedia |
||
| 338 |
_avolume _2rdacarrier |
||
| 490 | 0 | _aNVI | |
| 504 | _aIncluye bibliografía. | ||
| 505 | 0 | _aIntroducción a Lucas -- Bosquejo del evangelio de Lucas. | |
| 526 | _aSEG42 | ||
| 526 | _aSEG41 | ||
| 526 | _aSEG40 | ||
| 526 | _aSEG39 | ||
| 526 | _aP94 | ||
| 526 | _aP87 | ||
| 526 | _aP86 | ||
| 526 | _aP85 | ||
| 526 | _aP77 | ||
| 526 | _aP76 | ||
| 526 | _aP35 | ||
| 541 | _g001-0033881; | ||
| 630 |
_aBiblia. _pN.T. _pLucas _xComentarios. |
||
| 910 |
_agl _cjck _d20111115 |
||
| 942 |
_2ddc _cBOOK |
||
| 949 |
_a225.077 B64 3 _wDEWEY _c1 _i63967 _lCCODEBUL1 _mBUL _p23.00 _r0 _sY _tBOOK _u2015-7-6 _xTEOLOGIA _PP35 _o.STAFF. Colección General |
||
| 994 |
_aC0 _bPEPRU |
||
| 596 | _a1 | ||
| 999 |
_a225.077 B64 3 _wDEWEY _c52815 _i63967 _d52815 _e2019-9-16 _f2021-11-9 _g5 _lCCODEBUL1 _mBUL _n7 _p23.00 _q9 _r0 _sY _tBOOK _u2015-7-6 _xTEOLOGIA _PP35 _0COMPRA _o.STAFF. Colección Teología |
||
| 980 |
_81 _gALBERTO SANCHEZ Responsable de Automatización |
||